Statystyki dla Nazwy Wszystkich Filmów MCU

Kliknij tutaj aby rozwiązać quiz!

Ogólne statystyki

  • Ten quiz został rozwiązany 173 razy
  • Średni wynik to 20 z 24

Statystyki odpowiedzi

HintOdpowiedź% Poprawnych
Pierwszy FilmIron Man
99%
Trzeci FilmIron Man 2
96%
Siódmy FilmIron Man 3
95%
Szósty FilmAvengers
94%
Czwarty FIlmThor
94%
Jedenasty FilmAvengers: Czas Ultrona
90%
Dwudziesty Drugi FilmAvengers: Koniec gry
87%
Siedemnasty FilmThor: Ragnarok
86%
Dziewiąty FilmKapitan Ameryka: Zimowy żołnierz
85%
Dwunasty FilmAnt-Man
84%
Dziewietnasty FilmAvengers: Wojna bez granic
84%
Osiemnasty FilmCzarna Pantera
84%
Piąty FilmKapitan Ameryka: Pierwsze starcie
82%
Dwudziesty Trzeci FilmSpider-Man: Daleko od domu
82%
Szestnasty FilmSpider-Man: Homecoming
82%
Dziesiąty FilmStrażnicy Galaktyki
82%
Dwudziesty FilmAnt-Man i Osa
81%
Ósmy FilmThor: Mroczny świat
80%
Czternasty FilmDoktor Strange
79%
Trzynasty FilmKapitan Ameryka: Wojna bohaterów
79%
Dwudziesty Pierwszy FilmKapitan Marvel
78%
Dwudziesty Czwarty FilmCzarna Wdowa
77%
Piętnasty FilmStrażnicy Galaktyki vol. 2
70%
Drugi FIlmIncredible Hulk
68%

Rozkład punktacji

Percentyl według liczby udzielonych odpowiedzi

Procent ludzi z każdym wynikiem

Twoja historia wyników

Nie rozwiązałeś tego quizu